[Event "Nordic School-chT"]
[Site "Pandrup"]
[Date "2010.09.12"]
[Round "5.1"]
[White "Andrason, Pall Snaedal"]
[Black "Nielsen, Morten Randrup"]
[Result "1-0"]
[WhiteElo "1665"]
[BlackElo "1490"]
[PlyCount "101"]
[EventDate "2010.09.10"]
[EventType "team-tourn"]
[EventRounds "5"]
[EventCountry "DEN"]
[SourceTitle "EXT 2018"]
[Source "ChessBase"]
[SourceDate "2017.10.13"]
[SourceVersion "1"]
[SourceVersionDate "2017.10.13"]
[SourceQuality "1"]
[WhiteTeam "Iceland"]
[BlackTeam "Denmark II"]
[WhiteTeamCountry "ISL"]
[BlackTeamCountry "DEN"]

1. f4 d5 2. Nf3 Nc6 3. d4 e6 4. e3 Nf6 5. c3 Be7 6. Bd3 Ne4 7. 0-0 0-0 8. Nbd2 f5 9. Ne5 Rf6 10. Ndf3 Rh6 11. Qe1 g5 12. Nxc6 bxc6 13. Bxe4 dxe4 14. Ne5 Bb7 15. Qd1 g4 16. g3 Qe8 17. Rf2 Rd8 18. Qb3 Ba8 19. Qa4 Bd6 20. Qxa7 Qh5 21. Nc4 c5 22. Nxd6 cxd6 23. Qe7 Qe8 24. Qxe8+ Rxe8 25. dxc5 dxc5 26. Rd2 e5 27. fxe5 Rhe6 28. c4 Rxe5 29. b3 Kf7 30. Bb2 R5e7 31. Rad1 Bc6 32. Rd6 Re6 33. Rxe6 Rxe6 34. Ba3 Re5 35. Rd6 Be8 36. Rd5 Rxd5 37. cxd5 Ke7 38. Bxc5+ Kd7 39. Kf1 Bf7 40. d6 Kc6 41. Ba3 Be6 42. Ke2 h5 43. Kd2 Bd7 44. Kc3 Kb6 45. Kd4 Kc6 46. Bc5 Bc8 47. a4 Kd7 48. Kd5 Ke8 49. Kc6 Be6 50. a5 Kd8 51. a6 1-0

[Event "Nordic School-chT"]
[Site "Pandrup"]
[Date "2010.09.11"]
[Round "2.1"]
[White "Nielsen, Morten Randrup"]
[Black "Nordman, Joonas"]
[Result "0-1"]
[WhiteElo "1490"]
[BlackElo "1909"]
[PlyCount "76"]
[EventDate "2010.09.10"]
[EventType "team-tourn"]
[EventRounds "5"]
[EventCountry "DEN"]
[SourceTitle "EXT 2018"]
[Source "ChessBase"]
[SourceDate "2017.10.13"]
[SourceVersion "1"]
[SourceVersionDate "2017.10.13"]
[SourceQuality "1"]
[WhiteTeam "Denmark II"]
[BlackTeam "Finland"]
[WhiteTeamCountry "DEN"]
[BlackTeamCountry "FIN"]

1. e4 Nf6 2. Nc3 d5 3. exd5 Nxd5 4. Bc4 Nb6 5. Bb3 Nc6 6. Nge2 Bf5 7. 0-0 e6 8. d3 Bd6 9. Be3 0-0 10. Nb5 Bg4 11. Nxd6 cxd6 12. f3 Bh5 13. c3 a5 14. Ng3 Bg6 15. f4 a4 16. Bc2 a3 17. bxa3 Nd5 18. Qd2 Qa5 19. c4 Nxe3 20. Qxe3 Qxa3 21. Bb3 Na5 22. Qd4 Nxb3 23. axb3 Qxb3 24. f5 Rxa1 25. Rxa1 exf5 26. Qxd6 Re8 27. Qd7 Qb6+ 28. Kh1 Rd8 29. Qe7 h6 30. c5 Qf6 31. Qxf6 gxf6 32. Rd1 f4 33. Ne2 Bh5 34. Re1 Re8 35. d4 Rxe2 36. Rb1 Rd2 37. g4 Bxg4 38. Rxb7 Bf3+ 0-1

[Event "Nordic School-chT"]
[Site "Pandrup"]
[Date "2010.09.10"]
[Round "1.1"]
[White "Christensen, Simon Ellegaard"]
[Black "Nielsen, Morten Randrup"]
[Result "1-0"]
[WhiteElo "1807"]
[BlackElo "1490"]
[PlyCount "81"]
[EventDate "2010.09.10"]
[EventType "team-tourn"]
[EventRounds "5"]
[EventCountry "DEN"]
[SourceTitle "EXT 2018"]
[Source "ChessBase"]
[SourceDate "2017.10.13"]
[SourceVersion "1"]
[SourceVersionDate "2017.10.13"]
[SourceQuality "1"]
[WhiteTeam "Denmark"]
[BlackTeam "Denmark II"]
[WhiteTeamCountry "DEN"]
[BlackTeamCountry "DEN"]

1. d4 f5 2. Nf3 e6 3. c4 Nf6 4. Nc3 d6 5. g3 Be7 6. Bg2 0-0 7. 0-0 Qe8 8. Qc2 Nbd7 9. b4 h6 10. e4 fxe4 11. Nxe4 Nxe4 12. Qxe4 Nf6 13. Qd3 Bd7 14. Qb3 Bc6 15. b5 Bd7 16. a4 a6 17. Ba3 Ne4 18. bxa6 bxa6 19. Qb7 Bc6 20. Qb4 Rb8 21. Qa5 Rb3 22. d5 exd5 23. cxd5 Bxa4 24. Nd4 Rd3 25. Ne6 Nd2 26. Nxf8 Nxf1 27. Bxf1 Bf6 28. Re1 Qxe1 29. Qxe1 Rxa3 30. Ne6 Bb5 31. Bxb5 Ra1 32. Qxa1 Bxa1 33. Bxa6 Kf7 34. Nxc7 g5 35. Nb5 Be5 36. Kg2 Kf6 37. Kf3 h5 38. h3 Bb2 39. Nxd6 Ke5 40. Nf7+ Kxd5 41. Nxg5 1-0

[Event "Nordic School-chT"]
[Site "Jetsmark"]
[Date "2006.09.08"]
[Round "1.3"]
[White "Nielsen, Morten Randrup"]
[Black "Christensen, Simon Ellegaard"]
[Result "1-0"]
[WhiteElo "1082"]
[BlackElo "1476"]
[PlyCount "117"]
[EventDate "2006.09.08"]
[EventType "team-tourn"]
[EventRounds "5"]
[EventCountry "DEN"]
[SourceTitle "EXT 2023"]
[Source "ChessBase"]
[SourceDate "2022.10.05"]
[SourceVersion "1"]
[SourceVersionDate "2022.10.05"]
[SourceQuality "1"]
[WhiteTeam "Denmark U13"]
[BlackTeam "Denmark U13 II"]
[WhiteTeamCountry "DEN"]
[BlackTeamCountry "DEN"]

1. e4 b6 2. d3 Bb7 3. f4 g6 4. Nf3 Bg7 5. g3 e6 6. Bg2 Ne7 7. 0-0 0-0 8. c3 d5 9. e5 Nf5 10. h3 Nxg3 11. Re1 Nf5 12. Nbd2 Nd7 13. Nd4 Nxd4 14. cxd4 Ba6 15. Nf3 c5 16. Be3 Bh6 17. Rc1 Rc8 18. Re2 Qe7 19. Rec2 Rfd8 20. Qd2 c4 21. dxc4 dxc4 22. Bf2 Qf8 23. Bh4 Re8 24. Qe3 f6 25. exf6 Nxf6 26. Bxf6 Qxf6 27. Ng5 Bg7 28. Ne4 Qxd4 29. Qxd4 Bxd4+ 30. Kh1 Red8 31. Ng5 e5 32. fxe5 Bxe5 33. Ne6 Re8 34. Bd5 Kh8 35. Ng5 Bf4 36. Nf7+ Kg7 37. Rf1 Bb8 38. Ng5 Re5 39. Rf7+ Kh6 40. h4 Rh8 41. Bf3 b5 42. Rd7 Bc8 43. Nf7+ Kg7 44. Nxe5+ Bxd7 45. Nxd7 Bg3 46. h5 Kf7 47. Rc3 Bd6 48. Re3 Rd8 49. hxg6+ hxg6 50. Bc6 a6 51. Rf3+ Kg7 52. Nf6 Be5 53. Ne8+ Kg8 54. b3 cxb3 55. axb3 Rd1+ 56. Kg2 Rd2+ 57. Kf1 Rc2 58. Bd5+ Kh7 59. Rh3# 1-0